<?xml version="1.0" encoding="UTF-8"?>
<record
    xmlns:xsi="http://www.w3.org/2001/XMLSchema-instance"
    xsi:schemaLocation="http://www.loc.gov/MARC21/slim http://www.loc.gov/standards/marcxml/schema/MARC21slim.xsd"
    xmlns="http://www.loc.gov/MARC21/slim">

  <leader>00440nam a2200169   4500</leader>
  <controlfield tag="003">SEACOMEC</controlfield>
  <controlfield tag="005">20241108124144.0</controlfield>
  <controlfield tag="008">241108b        |||||||| |||| 00| 0 eng d</controlfield>
  <datafield tag="020" ind1=" " ind2=" ">
    <subfield code="a"> 9781403924452</subfield>
    <subfield code="c">220.00</subfield>
  </datafield>
  <datafield tag="040" ind1=" " ind2=" ">
    <subfield code="a">SEACOMEC</subfield>
  </datafield>
  <datafield tag="082" ind1=" " ind2=" ">
    <subfield code="a">005.8</subfield>
    <subfield code="b">F224</subfield>
  </datafield>
  <datafield tag="100" ind1=" " ind2=" ">
    <subfield code="a">Ankit Fadia</subfield>
  </datafield>
  <datafield tag="245" ind1=" " ind2=" ">
    <subfield code="a">An Ethical Hacking Guide To Corporate Security/ </subfield>
    <subfield code="c">Ankit Fadia</subfield>
  </datafield>
  <datafield tag="260" ind1=" " ind2=" ">
    <subfield code="a">New Delhi</subfield>
    <subfield code="b">Macmillan</subfield>
    <subfield code="c">2004</subfield>
  </datafield>
  <datafield tag="300" ind1=" " ind2=" ">
    <subfield code="a">270 p</subfield>
  </datafield>
  <datafield tag="942" ind1=" " ind2=" ">
    <subfield code="c">BOOK</subfield>
  </datafield>
  <datafield tag="952" ind1=" " ind2=" ">
    <subfield code="0">0</subfield>
    <subfield code="1">0</subfield>
    <subfield code="2">ddc</subfield>
    <subfield code="4">0</subfield>
    <subfield code="7">0</subfield>
    <subfield code="a">SEACOMEC</subfield>
    <subfield code="b">SEACOMEC</subfield>
    <subfield code="d">2007-06-27</subfield>
    <subfield code="l">0</subfield>
    <subfield code="o">005.8 F224</subfield>
    <subfield code="p">7369</subfield>
    <subfield code="r">2024-11-08 12:42:12</subfield>
    <subfield code="w">2024-11-08</subfield>
    <subfield code="y">REF</subfield>
  </datafield>
  <datafield tag="952" ind1=" " ind2=" ">
    <subfield code="0">0</subfield>
    <subfield code="1">0</subfield>
    <subfield code="2">ddc</subfield>
    <subfield code="4">0</subfield>
    <subfield code="7">0</subfield>
    <subfield code="a">SEACOMEC</subfield>
    <subfield code="b">SEACOMEC</subfield>
    <subfield code="d">2007-06-27</subfield>
    <subfield code="l">0</subfield>
    <subfield code="o">005.8 F224</subfield>
    <subfield code="p">7370</subfield>
    <subfield code="r">2024-11-08 12:42:12</subfield>
    <subfield code="t">1</subfield>
    <subfield code="w">2024-11-08</subfield>
    <subfield code="y">BOOK</subfield>
  </datafield>
  <datafield tag="952" ind1=" " ind2=" ">
    <subfield code="0">0</subfield>
    <subfield code="1">0</subfield>
    <subfield code="2">ddc</subfield>
    <subfield code="4">0</subfield>
    <subfield code="7">0</subfield>
    <subfield code="a">SEACOMEC</subfield>
    <subfield code="b">SEACOMEC</subfield>
    <subfield code="d">2007-06-27</subfield>
    <subfield code="l">0</subfield>
    <subfield code="o">005.8 F224</subfield>
    <subfield code="p">7371</subfield>
    <subfield code="r">2024-11-08 12:42:12</subfield>
    <subfield code="t">2</subfield>
    <subfield code="w">2024-11-08</subfield>
    <subfield code="y">BOOK</subfield>
  </datafield>
  <datafield tag="952" ind1=" " ind2=" ">
    <subfield code="0">0</subfield>
    <subfield code="1">0</subfield>
    <subfield code="2">ddc</subfield>
    <subfield code="4">0</subfield>
    <subfield code="7">0</subfield>
    <subfield code="a">SEACOMEC</subfield>
    <subfield code="b">SEACOMEC</subfield>
    <subfield code="d">2007-06-27</subfield>
    <subfield code="l">0</subfield>
    <subfield code="o">005.8 F224</subfield>
    <subfield code="p">7372</subfield>
    <subfield code="r">2024-11-08 12:42:12</subfield>
    <subfield code="t">3</subfield>
    <subfield code="w">2024-11-08</subfield>
    <subfield code="y">BOOK</subfield>
  </datafield>
  <datafield tag="952" ind1=" " ind2=" ">
    <subfield code="0">0</subfield>
    <subfield code="1">0</subfield>
    <subfield code="2">ddc</subfield>
    <subfield code="4">0</subfield>
    <subfield code="7">0</subfield>
    <subfield code="a">SEACOMEC</subfield>
    <subfield code="b">SEACOMEC</subfield>
    <subfield code="d">2007-06-27</subfield>
    <subfield code="l">0</subfield>
    <subfield code="o">005.8 F224</subfield>
    <subfield code="p">7373</subfield>
    <subfield code="r">2024-11-08 12:42:12</subfield>
    <subfield code="t">4</subfield>
    <subfield code="w">2024-11-08</subfield>
    <subfield code="y">BOOK</subfield>
  </datafield>
  <datafield tag="999" ind1=" " ind2=" ">
    <subfield code="c">1800</subfield>
    <subfield code="d">1800</subfield>
  </datafield>
</record>
